Nalaganje...
Vazhi vilakkukal
| Glavni avtor: | |
|---|---|
| Format: | Printed Book |
| Izdano: |
Bharanangaanam, Jeevan Books
1990
|
| LEADER | 003750000a22001210004500 | ||
|---|---|---|---|
| 040 | |a MAL | ||
| 082 | |a 170 32 N01 | ||
| 100 | |a Thomas Kudukkachira | ||
| 245 | |a Vazhi vilakkukal | ||
| 260 | |a Bharanangaanam, Jeevan Books | ||
| 260 | |c 1990 | ||
| 999 | |c 25638 |d 25638 | ||
| 952 | |0 0 |1 0 |4 0 |6 170_320000000000000_N01 |7 0 |8 MAL |9 25469 |a MGUL |b MGUL |d 2013-07-16 |l 0 |o 170 32 N01 |p 15518 |r 2013-07-16 |w 2013-07-16 |y BK | ||